Największe jeziora na świecie - Statystyki

Ogólne statystyki
  • Ten quiz został rozwiązany 17 razy
  • Średni wynik to 11 z 20
Statystyki odpowiedzi
Kontynent Odpowiedź % Poprawnych
Azja Bajkał
94%
Afryka Wiktorii
88%
Europa Ładoga
82%
Azja Morze Kaspijskie
82%
Ameryka Płn. Górne
76%
Ameryka Płn. Michigan
76%
Afryka Tanganika
76%
Ameryka Płn. Huron
65%
Ameryka Płn. Ontario
65%
Ameryka Płn. Wielkie Niedźwiedzie
65%
Ameryka Płn. Wielkie Niewolnicze
65%
Ameryka Płn. Erie
59%
Europa Onega
53%
Azja Aralskie
41%
Azja Bałchasz
35%
Antarktyka Wostok
35%
Afryka Niasa
29%
Ameryka Płd. Maracaibo
24%
Ameryka Płn. Winnipeg
24%
Ameryka Płd. Patos
0%
Nie znaleziono quizów pasujących do podanych kryteriów
Rozkład punktacji
Procent ludzi z każdym wynikiem
Percentyl według liczby udzielonych odpowiedzi
Twoja historia wyników
Nie rozwiązałeś tego quizu